| Tag |
First Indicator |
Second Indicator |
Subfields |
| LEADER |
00000ngm a2200000Mi 4500 |
| 001 |
in00005513921 |
| 006 |
m o d |
| 007 |
cr un||||||||| |
| 007 |
vz |za||| |
| 008 |
240321s2019 ii 003 f o vleng d |
| 005 |
20241105203019.6 |
| 035 |
|
|
|a (OCoLC)on1428509679
|
| 040 |
|
|
|a SGPBL
|b eng
|e rda
|e pn
|c SGPBL
|d OCLCO
|
| 020 |
|
|
|a 9781529687897
|q Sage Research Methods Video: Quantitative and Mixed Methods
|
| 020 |
|
|
|a 1529687896
|
| 035 |
|
|
|a (OCoLC)1428509679
|
| 041 |
0 |
|
|j eng
|
| 050 |
|
4 |
|a Q325.5
|b .M33 2019
|
| 082 |
0 |
4 |
|a 006.31
|
| 049 |
|
|
|a TXAM
|
| 245 |
0 |
0 |
|a Machine learning learning outcomes.
|
| 264 |
|
1 |
|a [Delhi, India] :
|b Scholarsight Technologies Private Limited,
|c 2019.
|
| 300 |
|
|
|a 1 online resource (1 video file (00:02:57)) :
|b sound, colour.
|
| 336 |
|
|
|a two-dimensional moving image
|b tdi
|2 rdacontent
|
| 337 |
|
|
|a computer
|b c
|2 rdamedia
|
| 337 |
|
|
|a video
|b v
|2 rdamedia
|
| 338 |
|
|
|a online resource
|b cr
|2 rdacarrier
|
| 490 |
1 |
|
|a Machine learning using R ;
|v 2
|
| 520 |
8 |
|
|a An example of a real-world problem solvable with machine learning techniques and the R programming language is discussed.
|
| 546 |
|
|
|a Closed-captioned in English.
|
| 588 |
|
|
|a Description based on XML content.
|
| 650 |
|
0 |
|a Machine learning.
|
| 650 |
|
0 |
|a R (Computer program language)
|
| 650 |
|
6 |
|a Apprentissage automatique.
|
| 650 |
|
6 |
|a R (Langage de programmation)
|
| 830 |
|
0 |
|a Machine learning using R ;
|v 2.
|
| 856 |
4 |
0 |
|u http://proxy.library.tamu.edu/login?url=https://methods.sagepub.com/video/machine-learning-learning-outcomes
|z Connect to this streaming video
|t 0
|
| 955 |
|
|
|a SAGE Research Methods Video Quantitative and Mixed Methods
|
| 994 |
|
|
|a 92
|b TXA
|
| 999 |
f |
f |
|s 0e60885a-eb08-43d8-b75c-41dc45839912
|i 9941383c-689d-40d6-809e-a4b8de3cb0d3
|t 0
|
| 952 |
f |
f |
|a Texas A&M University
|b College Station
|c Electronic Resources
|d Available Online
|t 0
|e Q325.5 .M33 2019
|h Library of Congress classification
|
| 998 |
f |
f |
|a Q325.5 .M33 2019
|t 0
|l Available Online
|